Curso superior de economía (Registro nro. 5620)

Detalles MARC
000 -LEADER
fixed length control field 01685 a2200229 4500
001 - CONTROL NUMBER
control field 54540
005 - DATE AND TIME OF LATEST TRANSACTION
control field 20260407155818.0
008 - FIXED-LENGTH DATA ELEMENTS--GENERAL INFORMATION
fixed length control field 260407a1951 arg spa d
003 - CONTROL NUMBER IDENTIFIER
control field AR-UNSa-BCEJYS
040 ## - CATALOGING SOURCE
Original cataloging agency AR-UNSa-BCEJYS
Language of cataloging spa
Transcribing agency AR-UNSa-BCEJYS
080 ## - UNIVERSAL DECIMAL CLASSIFICATION NUMBER
Universal Decimal Classification number 330
Common auxiliary subdivision Economía en general
041 ## - LANGUAGE CODE
Language code of text/sound track or separate title spa
100 1# - MAIN ENTRY--PERSONAL NAME
Personal name Benham, Frederic
245 10 - TITLE STATEMENT
Title Curso superior de economía
250 ## - EDITION STATEMENT
Edition statement 4a. ed
264 #1 - PRODUCTION, PUBLICATION, DISTRIBUTION, MANUFACTURE, AND COPYRIGHT NOTICE
Place of production, publication, distribution, manufacture México :
Name of producer, publisher, distributor, manufacturer Fondo de Cultura Económica
Date of production, publication, distribution, manufacture, or copyright notice 1951
300 ## - PHYSICAL DESCRIPTION
Extent 476 p.
Dimensions 23 cm.
505 ## - FORMATTED CONTENTS NOTE
Formatted contents note Parte I: La demanda - I. El panorama económico - II. Los mercados - III. La demanda - IV. El precio cuando la demanda es estable - V. Variaciones de la demanda - VI. Demanda,oferta y precio - Parte II: La producción - VII. El volumen de la producción - VIII. La división del trabajo - IX. Combinación de los factores - X. El capital - XI. La producción en régimen de dictadura - Parte III: El sistema de precios y el capitalismo - XII. El poder regulador de la demanda - XIII. Los problemas de la empresa - XIV. Movilidad de los factores de la producción - XV. Monopolio - XVI. Teoría de los costos - XVII. Salarios - XVIII. Interés - XIX. Renta - XX. El Estado - XXI. El progreso económico - Parte IV: Moneda y banca - XXII. Naturaleza y funciones del dinero - XXIII. Los bancos - XXIV. Los mercados de dinero y los bancos centrales - XXV. El valor del dinero - Parte V: El comercio internacional - XXVI. El comercio internacional - XXVII. Balanza de pagos - XXVIII. Cambios libres - XXIX. El patrón oro - XXX. El control de cambios - XXXI. Aranceles y contingentes
590 ## - LOCAL NOTE (RLIN)
Local note niveau_biblio:m niveau_hierar:0
700 1# - ADDED ENTRY--PERSONAL NAME
Personal name Urquidi, Víctor L.
942 ## - ADDED ENTRY ELEMENTS (KOHA)
Koha item type
Existencias
Withdrawn status Lost status Damaged status Not for loan Home library Current library Shelving location Date acquired Total checkouts Full call number Barcode Date last seen Price effective from Koha item type
        Biblioteca Prof. Eusebio Cleto del Rey Biblioteca Prof. Eusebio Cleto del Rey   07/04/2026   330 B456 4ed. L20221 07/04/2026 07/04/2026 Libro
        Biblioteca Prof. Eusebio Cleto del Rey Biblioteca Prof. Eusebio Cleto del Rey   07/04/2026   330 B456 4ed. L20222 07/04/2026 07/04/2026 Libro